Logo BPK

Biblioteka

Politechniki Koszalińskiej

Wstęp do prawoznawstwa / (Rekord nr 31386)

Szczegóły MARC
000 -ETYKIETA REKORDU
podpole kontrolne o stałej długości 00528nam a2200205 i 4500
001 - NUMER KONTROLNY REKORDU
pole kontrolne bg
020 ## - MIĘDZYNARODOWY ZNORMALIZOWANY NUMER KSIĄŻKI - ISBN
ISBN 8390643405
040 ## - ŹRÓDŁO KATALOGOWANIA
Instytucja, która utworzyła rekord BPK
041 0# - KOD JĘZYKA
Kod języka tekstu pl
080 ## - UNIWERSALNA KLASYFIKACJA DZIESIĘTNA - UKD
UKD 340.1
920 ## - Międzynarodowy znormalizowany numer książki – ISBN
ISBN 83-906434-0-5
008 - POLE O STAŁEJ DŁUGOŚCI - DANE KONTROLNE
podpole kontrolne o stałej długości s pl f |000 0 pol
100 1# - NAZWA OSOBOWA
Nazwa osobowa NOWACKI, Józef
245 10 - TYTUŁ/ODPOWIEDZIALNOŚĆ
Tytuł Wstęp do prawoznawstwa /
Pozostałe elementy strefy tytułu i oznaczenia odpowiedzialności Józef Nowacki, Zygmunt Tobor.
260 ## - STREFA ADRESU WYDAWNICZEGO
Miejsce wydania Katowice :
Nazwa wydawcy/dystrybutora Naukowa Oficyna Wydawnicza,
Data publikacji, dystrybucji/powstania dokumentu 1996.
300 ## - STREFA OPISU FIZYCZNEGO
Objętość 243, [1] s. ;
Rozmiary 23 cm.
650 #9 - HASŁO PRZEDMIOTOWE W FORMIE NAZWY OGÓLNEJ LUB JEDNOSTKOWEJ
Nazwa ogólna lub geograficzna Prawo
Określnik ogólny teoria
700 1# - HASŁO DODATKOWE - NAZWA OSOBOWA
Nazwa osobowa TOBOR, Zygmunt
856 ## - LOKALIZACJA I DOSTĘP DO ELEKTRONICZNYCH DOKUMENTÓW ZDALNYCH
Link (URL) http://koha.tu.koszalin.pl/cgi-bin/koha/opac-detail.pl?biblionumber=31386
Tekst linku Katalog online BPK
942 ## - DODATKOWE ELEMENTY (KOHA)
Typ dokumentu Książka
Egzemplarze
Wycofany Status egzemplarza Uszkodzony Dostępność Lokalizacja stała Lokalizacja bieżąca Miejsce przechowywania Sygnatura Kod kreskowy Typ dokumentu
      Dostępny Biblioteka Politechniki Koszalińskiej Biblioteka Politechniki Koszalińskiej Wypożyczalnia BG 38722 01218763 Książka
© 2023 Biblioteka Politechniki Koszalińskiej :: KOHA